| 000 | 00723nam a2200205Ii 4500 | ||
|---|---|---|---|
| 003 | JO-AjNU | ||
| 008 | 230605s9999||||xx |||||||||||||| ||und|| | ||
| 040 |
_aJO-AjNU _bara _erda _cJO-AjNU |
||
| 041 | _aara | ||
| 050 | 1 | 4 | _aHC498.R3222.1999 |
| 100 | 3 |
_aالربضي،انصاف جميل, _eauthor _917539 |
|
| 245 | 0 | 0 | _aدراسات وتحليلات في الفكر والسياسة العربية المعاصرة |
| 250 | _aط1 | ||
| 264 | 3 | 1 | _aعمان:دار الفكر للطباعة والنشر والتوزيع،1999 |
| 300 | _a202ص | ||
| 336 |
_atext _btxt _2rdacontent |
||
| 337 |
_aunmediated _bn _2rdamedia |
||
| 338 |
_avolume _bnc _2rdacarrier |
||
| 650 | 4 |
_aعلم الاجتماع السياسي _917540 |
|
| 999 |
_aA5436 _c9004 _d9004 |
||